Missing Word: 2011 Movies Quiz Stats

 Plays Quiz Updated Jun 21, 2012

Support Sporcle.
Go Orange.
Score 0/20 Timer 04:00
0 Plays Today
Hint Answer % Correct
The ____ with the Dragon TattooGirl
96.9%
Rise of the ____ of the ApesPlanet
94.4%
Harry Potter and the ____ Hallows: Part 2 Deathly
88.8%
____, Stupid, LoveCrazy
86.2%
The ____ of March Ides
81.1%
X-Men: ____ ClassFirst
80.4%
____ for ElephantsWater
78.4%
We Bought a ____Zoo
78.4%
The ____ of TintinAdventures
73.1%
The Green ____Hornet
71%
Hint Answer % Correct
____ & AliensCowboys
68.4%
Extremely Loud & ____ CloseIncredibly
58.8%
Captain America: The First ____Avenger
52.9%
War ____Horse
51.9%
____ : Dark of the MoonTransformers
50.1%
The ____ BureauAdjustment
46%
Sherlock Holmes: A Game of ____Shadows
45.1%
____ SteelReal
43.7%
____ in ParisMidnight
42.8%
My Week with ____Marilyn
41.1%

Today's Daily Dose

You're not logged in!

Compare scores with friends on all Sporcle quizzes.
OR
Log In
Forgot?

From the Vault

Presidential Yard Signs: Close-Up

by Hejman

Let's see how good you are at reading partial names.
Remove Ads.
Support Sporcle.
Get the best of Sporcle when you Go Orange. This ad-free experience offers more features, more stats, and more fun while also helping to support Sporcle. Thank you for becoming a member.

Show Comments

Extras

Top Quizzes Today


Score Distribution

Your Account Isn't Verified!

In order to create a playlist on Sporcle, you need to verify the email address you used during registration. Go to your Sporcle Settings to finish the process.

Report this User

Report this user for behavior that violates our Community Guidelines.

Details: